<?xml version="1.0" encoding="UTF-8"?>
<marc:record xmlns:marc="http://www.loc.gov/MARC21/slim">
   <marc:leader>00000nam a2200000 a 4500</marc:leader>
   <marc:datafield ind1="1" ind2=" " tag="100">
      <marc:subfield code="a">Brashares, Ann</marc:subfield>
      <marc:subfield code="4">aut</marc:subfield>
      <marc:subfield code="e">Verfasser/-in</marc:subfield>
   </marc:datafield>
   <marc:datafield ind1="0" ind2="0" tag="245">
      <marc:subfield code="a">Eine für vier</marc:subfield>
   </marc:datafield>
   <marc:datafield ind1=" " ind2="1" tag="264">
      <marc:subfield code="b">Bertelsmann</marc:subfield>
      <marc:subfield code="c">2005</marc:subfield>
   </marc:datafield>
   <marc:datafield ind1="1" ind2=" " tag="490">
      <marc:subfield code="a">Eine für Vier</marc:subfield>
   </marc:datafield>
   <marc:datafield ind1="1" ind2=" " tag="520">
      <marc:subfield code="a">Es ist Sommer. Carmen, Bridget, Lena und Tibby werden sechzehn und zum ersten Mal trennen sich ihre Wege. Um in Kontakt zu bleiben, schicken sie eine Jeans auf Reisen - von einer zur anderen, um die halbe Welt, in einer Zeit, in der sich alles verändert und die vier ganz unterschiedliche Erfahrungen machen mit Liebe, Verlust, Trauer und Freundschaft.</marc:subfield>
   </marc:datafield>
   <marc:datafield ind1=" " ind2=" " tag="020">
      <marc:subfield code="a">9783570301791</marc:subfield>
      <marc:subfield code="9">9783570301791</marc:subfield>
   </marc:datafield>
</marc:record>
